[Event "Regionalliga NW 9900"]
[Site "Bayern"]
[Date "2000.??.??"]
[Round "8.5"]
[White "Riedl, Helmut"]
[Black "Zoeller, Bernd"]
[Result "1/2-1/2"]
[WhiteElo "2060"]
[BlackElo "1990"]
[PlyCount "44"]
[EventDate "1999.??.??"]
[EventType "team-tourn"]
[EventRounds "9"]
[EventCountry "GER"]
[SourceTitle "EXT 2020"]
[Source "ChessBase"]
[SourceDate "2019.10.17"]
[SourceVersion "1"]
[SourceVersionDate "2019.10.17"]
[SourceQuality "1"]
[WhiteTeam "Kronach"]
[BlackTeam "Klingenberg"]
[WhiteTeamCountry "GER"]
[BlackTeamCountry "GER"]

1. d4 d5 2. Nf3 Nf6 3. g3 Bg4 4. Bg2 e6 5. 0-0 Nbd7 6. c4 c6 7. Nc3 Be7 8. Ne5 Nxe5 9. dxe5 Nd7 10. cxd5 cxd5 11. Qa4 Bh5 12. e4 dxe4 13. Nxe4 0-0 14. f4 Nc5 15. Nxc5 Bxc5+ 16. Kh1 Qd3 17. Qe4 Qxe4 18. Bxe4 Rab8 19. b3 Rfd8 20. Bb2 b6 21. Rac1 Rd2 22. Rc2 Rbd8 1/2-1/2

[Event "Landesliga Nord 9899"]
[Site "Bayern"]
[Date "1999.03.14"]
[Round "6.4"]
[White "Riedl, Helmut"]
[Black "Staub, Florian"]
[Result "1/2-1/2"]
[WhiteElo "2050"]
[BlackElo "1955"]
[PlyCount "34"]
[EventDate "1998.10.11"]
[EventType "team-tourn"]
[EventRounds "9"]
[EventCountry "GER"]
[SourceTitle "EXT 2020"]
[Source "ChessBase"]
[SourceDate "2019.10.17"]
[SourceVersion "1"]
[SourceVersionDate "2019.10.17"]
[SourceQuality "1"]
[WhiteTeam "Kronach"]
[BlackTeam "Obernburg"]
[WhiteTeamCountry "GER"]
[BlackTeamCountry "GER"]

1. d4 Nf6 2. Nf3 e6 3. Bg5 Be7 4. Nbd2 d5 5. e3 0-0 6. Bd3 b6 7. Ne5 c5 8. c3 Bb7 9. Qb1 h6 10. Bh4 Nbd7 11. Ndf3 Nxe5 12. Nxe5 Nd7 13. Bxe7 Qxe7 14. Nxd7 Qxd7 15. 0-0 Rac8 16. Qd1 Qe7 17. Qh5 Rfe8 1/2-1/2

[Event "Landesliga Nord 9697"]
[Site "Bayern"]
[Date "1997.??.??"]
[Round "?"]
[White "Kreuzer, Gerhard"]
[Black "Riedl, Helmut"]
[Result "1/2-1/2"]
[WhiteElo "2140"]
[BlackElo "2085"]
[PlyCount "52"]
[EventDate "1996.10.??"]
[EventType "team-tourn"]
[EventRounds "9"]
[EventCountry "GER"]
[SourceTitle "EXT 2020"]
[Source "ChessBase"]
[SourceDate "2019.10.17"]
[SourceVersion "1"]
[SourceVersionDate "2019.10.17"]
[SourceQuality "1"]
[WhiteTeam "Kelheim"]
[BlackTeam "Wuerzburg II"]
[WhiteTeamCountry "GER"]
[BlackTeamCountry "GER"]

1. c4 c5 2. g3 g6 3. Bg2 Bg7 4. Nc3 Nc6 5. e3 e6 6. Nge2 Nge7 7. d4 cxd4 8. Nxd4 Nxd4 9. exd4 d5 10. cxd5 exd5 11. 0-0 0-0 12. Bg5 Be6 13. Re1 Re8 14. Qd2 Qd7 15. Bxe7 Rxe7 16. Nxd5 Bxd5 17. Rxe7 Qxe7 18. Bxd5 Rd8 19. Re1 Qd7 20. Bf3 Bxd4 21. Kg2 Bc5 22. Qg5 b6 23. Rd1 Bd4 24. h4 Kg7 25. h5 h6 26. Qg4 Qxg4 1/2-1/2

[Event "Regionalliga NW 9798"]
[Site "Bayern"]
[Date "1997.??.??"]
[Round "?.5"]
[White "Schilling, Berthold"]
[Black "Riedl, Helmut"]
[Result "1-0"]
[WhiteElo "1985"]
[BlackElo "2060"]
[PlyCount "107"]
[EventDate "1997.10.??"]
[EventType "team-tourn"]
[EventRounds "9"]
[EventCountry "GER"]
[SourceTitle "EXT 2020"]
[Source "ChessBase"]
[SourceDate "2019.10.17"]
[SourceVersion "1"]
[SourceVersionDate "2019.10.17"]
[SourceQuality "1"]
[WhiteTeam "Neustadt SV"]
[BlackTeam "Kronach"]
[WhiteTeamCountry "GER"]
[BlackTeamCountry "GER"]

1. d4 Nf6 2. Nf3 c5 3. d5 g6 4. g3 d6 5. Bg2 Bg7 6. 0-0 0-0 7. Nc3 Na6 8. Nd2 Nc7 9. a4 e6 10. dxe6 fxe6 11. Nde4 Nfd5 12. Nxd6 Qxd6 13. e4 Rd8 14. exd5 Nxd5 15. Ne4 Qc7 16. Qe2 h6 17. Rd1 Bd7 18. c4 Ne7 19. Be3 b6 20. Bxh6 Nf5 21. Bxg7 Kxg7 22. Ng5 Nd4 23. Rxd4 cxd4 24. Bxa8 Rxa8 25. Qe4 Re8 26. Qxd4+ e5 27. Qd5 Bf5 28. Rd1 Qe7 29. h4 Rc8 30. Ne4 Bg4 31. Rd2 Bf3 32. Qd7 Re8 33. Qxe7+ Rxe7 34. Ng5 Bc6 35. b3 Bd7 36. f3 Bf5 37. Kf2 Kf6 38. g4 Bc8 39. Rd6+ Kg7 40. Rc6 Bb7 41. Rc7 Kf8 42. Rxe7 Kxe7 43. Ke3 Kf6 44. Ne4+ Ke7 45. h5 gxh5 46. gxh5 Bc8 47. Nc3 Bf5 48. Ne4 Bh7 49. f4 exf4+ 50. Kxf4 Kf8 51. h6 Bg6 52. Ke5 a5 53. Kd5 Kg8 54. Nd2 1-0